| 000 -LEADER |
| fixed length control field |
00968nam a22002657a 4500 |
| 005 - DATE AND TIME OF LATEST TRANSACTION |
| control field |
20250508145358.0 |
| 008 - FIXED-LENGTH DATA ELEMENTS--GENERAL INFORMATION |
| fixed length control field |
250508b ||||| |||| 00| 0 eng d |
| 020 ## - INTERNATIONAL STANDARD BOOK NUMBER |
| International Standard Book Number |
9781408857793 |
| 040 ## - CATALOGING SOURCE |
| Transcribing agency |
SSBUL |
| 041 ## - LANGUAGE CODE |
| Language code of text/sound track or separate title |
English |
| 082 ## - DEWEY DECIMAL CLASSIFICATION NUMBER |
| Edition number |
23 |
| Classification number |
355.3432 So |
| Item number |
25439 S-RH |
| 100 1# - MAIN ENTRY--PERSONAL NAME |
| Personal name |
Sorge, Richard. |
| 9 (RLIN) |
59564 |
| 245 12 - TITLE STATEMENT |
| Title |
An Impeccable Spy: |
| Remainder of title |
Richard Sorge, Stalin's Master Agent / |
| Statement of responsibility, etc. |
Owen Matthews. |
| 260 ## - PUBLICATION, DISTRIBUTION, ETC. |
| Place of publication, distribution, etc. |
London: |
| Name of publisher, distributor, etc. |
Bloomsbury publishing, |
| Date of publication, distribution, etc. |
2019. |
| 300 ## - PHYSICAL DESCRIPTION |
| Extent |
viii,435 pages; |
| Other physical details |
Photo; |
| Dimensions |
23 cm. |
| 500 ## - GENERAL NOTE |
| General note |
S-RH: Mr. Ron Halsey Collection |
| 504 ## - BIBLIOGRAPHY, ETC. NOTE |
| Bibliography, etc. note |
Includes bibliographical references and index. |
| 650 ## - SUBJECT ADDED ENTRY--TOPICAL TERM |
| Topical term or geographic name entry element |
Spies |
| Geographic subdivision |
Soviet union |
| 9 (RLIN) |
59565 |
|
| Topical term or geographic name entry element |
Political science |
| General subdivision |
Intelligence |
| Chronological subdivision |
Political freedom and security |
| 9 (RLIN) |
59566 |
|
| Topical term or geographic name entry element |
World war, 1939-1945 |
| General subdivision |
Military intelligence |
| Geographic subdivision |
Japan |
| 9 (RLIN) |
59567 |
|
| Topical term or geographic name entry element |
Espionage |
| General subdivision |
Military intelligence |
| 9 (RLIN) |
59568 |
| 700 1# - ADDED ENTRY--PERSONAL NAME |
| Personal name |
Master Agent, stain's |
| 9 (RLIN) |
59569 |
|
| Personal name |
Mathews, Owen |
| 9 (RLIN) |
59570 |
| 942 ## - ADDED ENTRY ELEMENTS (KOHA) |
| Source of classification or shelving scheme |
|
| Koha item type |
Book (Short term) |